Statistics for Bulgarian words .1

Click here to take the quiz!

General Stats

  • This quiz has been taken 63 times
  • The average score is 14 of 15

Answer Stats

Answer% Correct
dog
98%
bread
96%
car
96%
cat
96%
bird
94%
head
94%
monkey
94%
yellow
94%
brain
90%
garden
90%
money
90%
mountain
88%
tooth
84%
pillow
78%
shelf
67%

Score Distribution

Percentile by Number Answered

Percent of People with Each Score

Your Score History

You have not taken this quiz